000 00534nam a2200169 i 4500
001 84044
003 ES-MaACL
005 20230906174933.0
007 t|
008 041119s1972 sp ||||1| spa d
100 1 _aIversen, E. S.
_965667
245 1 0 _aCultivos marinos
_b: peces, moluscos, crustáceos /
_cE.S. Iversen ; traducido Aurora Pérez Torromé.
260 _aZaragoza :
_bAcribia,
_c[1972]
300 _aXVI, 310 p. :
_bil. ;
_c24 cm.
700 1 _aPérez Torromé, Aurora.
_991179
852 _aES-MaACL
_jC-43502
_bR.80361
999 _c84044
_d84044